Physical processes in gaseous nebulae (Record no. 1072)

MARC details
000 -LEADER
fixed length control field 00606nam a2200193Ia 4500
003 - CONTROL NUMBER IDENTIFIER
control field IN-BaIIA
008 - FIXED-LENGTH DATA ELEMENTS--GENERAL INFORMATION
fixed length control field 211028s9999 xx 000 0 eng d
040 ## - CATALOGING SOURCE
Transcribing agency IIA Library
080 ## - UNIVERSAL DECIMAL CLASSIFICATION NUMBER
Universal Decimal Classification number 524.5
Item number MEN
100 ## - MAIN ENTRY--PERSONAL NAME
Personal name Menzel, Donald H
9 (RLIN) 1294
245 #0 - TITLE STATEMENT
Title Physical processes in gaseous nebulae
Remainder of title theoy of the balmer decrement
Statement of responsibility, etc. Menzel, D. H. & Baker, J. G.
260 ## - PUBLICATION, DISTRIBUTION, ETC.
Name of publisher, distributor, etc. Astronomical Society of the Pacific
Date of publication, distribution, etc. 1937
300 ## - PHYSICAL DESCRIPTION
Extent 610p.
650 ## - SUBJECT ADDED ENTRY--TOPICAL TERM
Topical term or geographic name entry element Astronomy and astrophysics thesaurus
650 ## - SUBJECT ADDED ENTRY--TOPICAL TERM
Topical term or geographic name entry element Gaseous nebulae
9 (RLIN) 2296
650 ## - SUBJECT ADDED ENTRY--TOPICAL TERM
Topical term or geographic name entry element Interstellar matter
9 (RLIN) 1189
700 ## - ADDED ENTRY--PERSONAL NAME
Personal name Baker, James G.
9 (RLIN) 2297
942 ## - ADDED ENTRY ELEMENTS (KOHA)
Koha item type Books
Holdings
Withdrawn status Lost status Damaged status Not for loan Home library Current library Shelving location Date acquired Total Checkouts Full call number Barcode Date last seen Price effective from Koha item type
        IIA Library-Bangalore IIA Library-Bangalore General Stacks     524.5/ MEN 1129 05/11/2021   Books

Powered by Koha